000 00481nam a2200181Ia 4500
005 20240823030841.0
008 240823s9999||||xx |||||||||||||| ||und||
041 _aENGLISH
082 _A620.1617 K8
100 _aMoon D P
245 0 _aReport on the Evaluated Temperature properties of Selected Superalloys
250 _a1st
260 _c1968
_bASTM International Publishers D S
500 _aTRANSFERED
650 _aElevated
_bChemistry
942 _cBK
999 _c189675
_d189675